[Event "Portugal Open 2019"]
[Site "Lisbon"]
[Date "2019.02.06"]
[Round "6.23"]
[White "Nordquelle, Daniel"]
[Black "Thorhallsson, Throstur"]
[Result "0-1"]
[WhiteElo "2235"]
[BlackElo "2425"]
[Annotator "TA"]
[PlyCount "66"]
[EventDate "2019.01.25"]
[EventType "swiss"]
[EventCountry "POR"]
[SourceTitle "playchess.com"]
[Source "ChessBase"]
[SourceQuality "1"]

{[%evp 17,66,-10,-8,-10,-8,0,-4,-37,-37,-56,-62,-80,-57,-58,-32,-30,-24,-114,-119,-174,-139,-137,-102,-216,-216,-215,-195,-214,-220,-520,-518,-529,-529,-529,-524,-522,-516,-475,-456,-585,-585,-576,-567,-543,0,0,0,-464,-456,-29997,-29998]} 1. e4 c5 2. Nc3 e6 $146 (2... Nc6 3. g3 g6 4. Bg2 Bg7 5. d3 d6 6. Nge2 {0-1 (35) Lalic,M (1993)-Radovanovic,M (2466) Belgrade 2018}) ({Predecessor:} 2... Nc6 3. g3 {0-1 (51) Meglitsch,K (2068)-Kopinits,A (2258) Ratten 2011}) 3. g3 Nc6 4. Bg2 g6 ({Predecessor:} 4... Nge7 5. Nge2 d6 6. d3 g6 7. Be3 Bg7 8. Qd2 {0-1 (51) Meglitsch,K (2068)-Kopinits,A (2258) Ratten 2011}) 5. Nge2 Bg7 6. d3 d6 7. Be3 Nd4 8. Qd2 Ne7 9. Nd1 Nxe2 10. Qxe2 {B26: Closed Sicilian: 3 g3, lines with early Be3} b6 (10... Rb8 11. O-O O-O 12. Qd2 Re8 13. d4 b6 14. a4 Ba6 15. Re1 Nc6 16. c3 Na5 17. Qc2 Qc7 18. dxc5 bxc5 19. Bf4 Qb6 {0-1 (35) Lalic,M (1993)-Radovanovic,M (2466) Belgrade 2018}) 11. Qd2 h5 12. h4 {The position is equal.} Bb7 13. c3 ({Predecessor:} 13. Nc3 e5 14. O-O d5 15. exd5 Nxd5 16. Rfe1 O-O 17. Bh6 Qd6 18. Bxg7 Kxg7 19. Nxd5 Bxd5 20. Bxd5 Qxd5 {0-1 (51) Meglitsch,K (2068)-Kopinits,A (2258) Ratten 2011}) 13... d5 14. f4 O-O 15. e5 Qc7 16. d4 Ba6 17. Bf3 (17. Bh3 $11 {keeps the balance.}) 17... f6 $17 {[%cal Rf6e5]} 18. Kf2 (18. Be2 $17 {was worth a try.} Bxe2 19. Qxe2) 18... Nf5 {[%cal Rf6e5]} 19. Kg2 Rac8 20. g4 (20. exf6 $17 {is a better defense.} Bxf6 21. Nf2) 20... hxg4 $19 21. Bxg4 fxe5 22. fxe5 cxd4 23. Bxf5 $2 (23. cxd4 {only move.} Qc2 24. Qxc2 Rxc2+ 25. Kh3) 23... dxe3 (23... gxf5 $2 24. Bxd4 Bxe5 25. Kh3 $19) 24. Bxe6+ Kh7 25. Nxe3 Rce8 26. Bxd5 Rxe5 ({Weaker is} 26... Qxe5 27. Rh3 $17) 27. Rh3 Bh6 28. h5 {[#] Strongly threatening hxg6+.} Bxe3 29. hxg6+ Kxg6 ({Stronger than} 29... Kg7 30. Rh7+ Kf6 31. Qxe3 $14 (31. Rxc7 $2 {loses.} Bxd2 32. Rf7+ Rxf7 $19)) 30. Rg3+ Kf6 $2 ({Black should play} 30... Bg5 $19 31. Be4+ Kf6) 31. Rf3+ $11 Kg6 32. Qc2+ $2 {[%mdl 8192]} (32. Rg3+ $11 Bg5 33. Be4+ Kf6 34. Qd4) 32... Kg7 $19 {( -> ...Rg5+)} 33. Rh1 {[#]} (33. Rg3+ $19 Bg5 34. c4) 33... Rg5+ {Accuracy: White = 33%, Black = 68%.} 0-1

[Event "Portugal Open 2019"]
[Site "Lisbon"]
[Date "2019.02.06"]
[Round "6.24"]
[White "Pietruszewski, Marcin"]
[Black "Haug, Johannes"]
[Result "0-1"]
[WhiteElo "2226"]
[BlackElo "2403"]
[Annotator "ChessBase"]
[PlyCount "68"]
[EventDate "2019.01.25"]
[EventType "swiss"]
[EventCountry "POR"]
[SourceTitle "playchess.com"]
[Source "ChessBase"]
[SourceQuality "1"]
[TimeControl "5400+30"]

1. e4 {[%emt 0:00:00]} c6 {[%emt 0:02:20]} 2. d4 {[%emt 0:00:00]} d5 {[%emt 0:00:07]} 3. e5 {[%emt 0:00:00]} Bf5 {[%emt 0:00:05]} 4. Nf3 {[%emt 0:00:01]} e6 {[%emt 0:00:25]} 5. Be2 {[%emt 0:00:11]} Ne7 {[%emt 0:02:00]} 6. O-O {[%emt 0:00:18]} Nd7 {[%emt 0:03:23]} 7. Nbd2 {[%emt 0:00:56]} h6 {[%emt 0:00:10]} 8. Nb3 {[%emt 0:00:37]} Qc7 {[%emt 0:01:22]} 9. Bd2 {[%emt 0:19:11]} a5 {[%emt 0:01:08]} 10. a4 {[%emt 0:00:40]} g5 {[%emt 0:00:11]} 11. Re1 {[%emt 0:10:09]} Bg7 {[%emt 0:04:25]} 12. c4 {[%emt 0:01:22]} O-O {[%emt 0:01:10]} 13. Bc3 {[%emt 0:07:53]} f6 {[%emt 0:21:19]} 14. exf6 {[%emt 0:00:48]} Bxf6 {[%emt 0:02:17]} 15. Bd3 {[%emt 0:06:30]} dxc4 {[%emt 0:02:41]} 16. Bxc4 {[%emt 0:01:16]} Nd5 {[%emt 0:00:32]} 17. Qd2 {[%emt 0:05:55]} b6 {[%emt 0:02:53]} 18. Ne5 {[%emt 0:23:58]} Rad8 {[%emt 0:04:43]} 19. Nxd7 {[%emt 0:01:04]} Qxd7 {[%emt 0:05:11]} 20. Rad1 {[%emt 0:02:31]} Kh8 {[%emt 0:06:23]} 21. Bd3 {[%emt 0:00:06]} Nf4 {[%emt 0:03:21]} 22. Bxf5 {[%emt 0:02:46]} exf5 {[%emt 0:00:04]} 23. f3 {[%emt 0:00:07]} Qd5 {[%emt 0:01:45]} 24. Nc1 {[%emt 0:00:02]} Rfe8 {[%emt 0:00:53]} 25. Rxe8+ {[%emt 0:03:46]} Rxe8 {[%emt 0:00:11]} 26. Qc2 {[%emt 0:00:03]} Kg7 {[%emt 0:04:52]} 27. Kf1 {[%emt 0:04:47]} Qc4+ {[%emt 0:05:20]} 28. Kf2 {[%emt 0:00:02]} Nd5 {[%emt 0:06:21]} 29. Rd2 {[%emt 0:06:18]} b5 {[%emt 0:06:44]} 30. Ne2 {[%emt 0:03:09]} b4 {[%emt 0:01:52]} 31. b3 {[%emt 0:00:09]} Rxe2+ {[%emt 0:00:32]} 32. Rxe2 {[%emt 0:00:01]} Qxc3 {[%emt 0:00:11]} 33. Qxf5 {[%emt 0:00:02]} Qxd4+ {[%emt 0:00:12]} 34. Ke1 {[%emt 0:01:07]} Nf4 {[%emt 0:01:04]} 0-1

[Event "Portugal Open 2019"]
[Site "Lisbon"]
[Date "2019.02.06"]
[Round "6.25"]
[White "Li, Xueyi"]
[Black "Martin Duque, Jesus"]
[Result "1-0"]
[WhiteElo "2217"]
[BlackElo "2393"]
[Annotator "TA"]
[PlyCount "127"]
[EventDate "2019.01.25"]
[EventType "swiss"]
[EventCountry "POR"]
[SourceTitle "playchess.com"]
[Source "ChessBase"]
[SourceQuality "1"]

{[%evp 19,127,11,10,-8,-13,-49,-43,-46,-43,-40,0,0,0,-2,-2,16,4,0,37,10,14,-28,45,35,35,35,35,35,35,27,99,77,131,133,145,139,114,130,102,67,71,79,106,107,91,107,90,98,101,61,164,117,166,139,179,166,164,114,109,106,102,99,113,44,44,0,103,44,44,44,46,46,1106,1073,29963,29964,29964,29964,29965,29966,29966,29967,29967,29968,29968,29969,29969,29970,29970,29971,29971,29972,29972,29973,29973,29974,29974,29973,29973,29974,29974,29975,29971,29972,29972,29973,29986,29983,29983,29969]} 1. d4 e6 2. g3 Nf6 3. Bg2 d5 4. c4 Bb4+ 5. Bd2 Be7 6. Nf3 O-O 7. O-O Nbd7 8. Qc2 Ne4 9. Bf4 c6 10. Nfd2 {E08: Closed Catalan: Main Line: 7 Qc2} (10. Nc3 g5 11. Bc1 f5 12. a4 a5 13. b3 Rf7 14. Ba3 Bf6 15. Rad1 Qe8 16. Ne1 h5 17. Nxe4 dxe4 18. f3 exf3 19. Nxf3 {0-1 (50) Roiz,M (2605)-Matlakov,M (2700) St Petersburg 2018}) 10... g5 {LiveBook: 18 Games} 11. cxd5 exd5 12. Be3 {The position is equal.} Nd6 13. Nc3 {[#]} Nb6 $146 ({Predecessor:} 13... f5 14. Nf3 Nb6 15. Qc1 h6 16. b3 Be6 17. Ne5 Kg7 {0-1 (43) Vantika,A (2238)-Batchuluun,T (2555) Abu Dhabi 2017}) 14. f3 Bf5 15. Qc1 Bg6 16. Bf2 f5 17. e4 f4 18. Re1 Qd7 19. a4 a5 20. Qd1 Ndc4 ({Better is} 20... dxe4 $11 21. fxe4 Ndc4 22. Nxc4 Nxc4) 21. Nxc4 Nxc4 22. exd5 cxd5 {[#]} 23. Nxd5 $1 {[%mdl 512]} Qxd5 24. Rxe7 {White wants to play Qb3.} Nxb2 (24... Rae8 $11 {keeps the balance.} 25. Rxe8 Rxe8) 25. Qe2 $16 Nd3 (25... fxg3 $142 26. hxg3 (26. Qxb2 gxf2+ 27. Qxf2 Rad8 $15) (26. Bxg3 Nd3 $11) 26... Nd3) 26. Bh3 $1 {[%cal Rh3e6] Threatens to win with Be6+.} Kh8 27. Be6 Qd6 28. Rd7 Qb6 29. Rd1 Rf6 30. d5 $40 {[%mdl 128] White is out for blood.} Qxf2+ 31. Qxf2 Nxf2 32. Kxf2 fxg3+ 33. hxg3 Raf8 34. Bg4 ({And not} 34. Rxb7 Rxf3+ 35. Kg1 Rxg3+ 36. Kh2 Re3 $17) 34... Be4 (34... h5 $14 35. Rh1 Kg8 36. Bxh5 Bxh5 37. Rxh5 Rxf3+ 38. Kg2 R3f5) 35. Rh1 ({But not} 35. Rxb7 $6 Bxf3 36. Bxf3 Rxf3+ 37. Ke2 Kg8 $14) 35... h6 {[%cal Re4f3]} 36. Kg2 Bc2 37. Rxb7 Bxa4 38. Rc1 {Black must now prevent Rcc7.} Be8 39. Rcc7 {White threatens Rh7+ and mate.} Bg6 40. Ra7 a4 41. Bh5 ({White should play} 41. Kf2 $16) 41... Rd8 $14 ({Weaker is} 41... Bxh5 42. Rh7+ Kg8 43. Rag7#) 42. Bg4 (42. Bxg6 $14 Rxg6 43. Rxa4) 42... Rdf8 $16 43. Rc6 (43. Kf2 $16) 43... h5 $14 44. Rxf6 Rxf6 {[%mdl 4096] Endgame KRB-KRB} 45. Be6 Bf5 $2 {[%mdl 8192]} (45... a3 $14) 46. Bxf5 $18 Rxf5 {KR-KR} 47. d6 {White mates.} Rf8 48. Re7 $1 a3 49. d7 $1 a2 50. Re8 a1=Q 51. Rxf8+ {KQ-KR} Kg7 52. d8=Q Qa2+ 53. Kh3 Qe6+ 54. g4 hxg4+ 55. fxg4 Qe3+ 56. Kg2 $1 Qe2+ {[#]} 57. Rf2 $1 Qxg4+ 58. Kh2 Qh4+ 59. Kg1 Qg3+ 60. Kf1 Qh3+ 61. Ke1 Qe3+ {[#]} 62. Re2 $1 Qc3+ 63. Qd2 Qg3+ 64. Kd1 {Precision: White = 66%, Black = 49%.} 1-0

[Event "Portugal Open 2019"]
[Site "Lisbon"]
[Date "2019.02.06"]
[Round "6.26"]
[White "Carrasco Martinez, Juan M."]
[Black "Martins, Bruno Andre Leite"]
[Result "1-0"]
[WhiteElo "2380"]
[BlackElo "2204"]
[Annotator "NA"]
[PlyCount "73"]
[EventDate "2019.01.25"]
[EventType "swiss"]
[EventCountry "POR"]
[SourceTitle "playchess.com"]
[Source "ChessBase"]
[SourceQuality "1"]
[TimeControl "5400+30"]

1. e4 {[%emt 0:00:00]} c5 {[%emt 0:00:24]} 2. Nc3 {[%emt 0:00:00]} g6 {[%emt 0:00:54]} 3. f4 {[%emt 0:00:03]} Bg7 {[%emt 0:01:17]} 4. Nf3 {[%emt 0:00:08]} Nc6 {[%emt 0:00:05]} 5. Bb5 {[%emt 0:00:22]} Nd4 {[%emt 0:00:41]} 6. a4 {[%emt 0:00:17]} a6 {[%emt 0:09:02]} 7. Bc4 {[%emt 0:00:14]} e6 {[%emt 0:00:13]} 8. d3 {[%emt 0:03:10]} Ne7 {[%emt 0:00:36]} 9. e5 {[%emt 0:04:51]} d6 {[%emt 0:04:49]} 10. exd6 {[%emt 0:15:50]} Qxd6 {[%emt 0:03:51]} 11. Ne4 {[%emt 0:02:45]} Qc7 {[%emt 0:02:17]} 12. c3 {[%emt 0:02:35]} Ndf5 {[%emt 0:09:25]} 13. a5 {[%emt 0:05:37]} O-O {[%emt 0:07:25]} 14. O-O {[%emt 0:03:08]} Nd5 {[%emt 0:06:09]} 15. Qe1 {[%emt 0:05:13]} Nd6 {[%emt 0:08:36]} 16. Qh4 {[%emt 0:01:48]} f5 {[%emt 0:05:03]} (16... b5 $11 {remains equal.} 17. axb6 Nxb6) 17. Nxd6 {[%emt 0:05:54]} Qxd6 {[%emt 0:00:41]} 18. Re1 {[%emt 0:00:53]} Bd7 {[%emt 0:04:08]} 19. Ng5 {[%emt 0:03:18]} h6 {[%emt 0:00:49]} 20. Nf3 {[%emt 0:00:06]} Rae8 {[%emt 0:04:04]} 21. Qg3 {[%emt 0:04:47]} Kh7 {[%emt 0:03:31]} 22. Ne5 {[%emt 0:00:22]} Bxe5 {[%emt 0:02:04]} 23. Rxe5 {[%emt 0:05:18]} g5 $16 {[%emt 0:02:32]} (23... Bc6 $14) 24. fxg5 {[%emt 0:06:24]} f4 {[%emt 0:04:02]} 25. g6+ {[%emt 0:01:32]} Kg7 {[%emt 0:00:14]} 26. Qe1 {[%emt 0:00:27]} Rf5 {[%emt 0:01:34]} 27. Rxf5 {[%emt 0:08:18]} exf5 {[%emt 0:00:06]} 28. Qf2 {[%emt 0:00:55]} Ne3 {[%emt 0:00:54]} 29. Bd2 {[%emt 0:03:12]} Bc6 {[%emt 0:02:12]} 30. Bf7 {[%emt 0:03:26]} Ng4 {[%emt 0:05:26]} 31. Bxf4 {[%emt 0:00:39]} Nxf2 {[%emt 0:03:41]} 32. Bxd6 {[%emt 0:00:07]} Re2 {[%emt 0:00:24]} 33. Kf1 {[%emt 0:01:14]} Rxb2 {[%emt 0:01:46]} 34. Be5+ {[%emt 0:00:09]} Kf8 {[%emt 0:00:08]} 35. Bc4 {[%emt 0:00:57]} Bxg2+ {[%emt 0:01:42]} 36. Ke1 {[%emt 0:00:04]} Bd5 {[%emt 0:04:21]} 37. g7+ {[%emt 0:00:10]} 1-0

[Event "Portugal Open 2019"]
[Site "Lisbon"]
[Date "2019.02.07"]
[Round "6.27"]
[White "Rocha, Sergio"]
[Black "Li, Yunshan"]
[Result "1/2-1/2"]
[WhiteElo "2354"]
[BlackElo "2196"]
[Annotator "TA"]
[PlyCount "175"]
[EventDate "2019.01.25"]
[EventType "swiss"]
[EventCountry "POR"]
[SourceTitle "playchess.com"]
[Source "ChessBase"]
[SourceQuality "1"]

{[%evp 10,175,27,-14,17,6,7,0,26,24,22,14,7,-1,11,10,24,0,62,70,60,70,76,0,0,0,44,7,45,45,86,82,87,74,81,56,63,46,78,78,67,45,54,44,47,16,29,28,69,69,111,0,0,0,131,95,102,0,10,0,0,0,0,0,0,0,0,0,0,0,0,0,0,0,570,0,0,0,0,0,0,0,0,0,0,0,0,0,0,0,0,0,0,0,0,0,0,0,0,0,0,0,0,0,8,0,0,0,0,0,574,570,566,552,545,541,511,144,137,137,533,518,479,479,428,359,343,222,176,8,8,0,11,11,128,8,8,0,0,0,0,0,0,0,0,0,0,0,0,0,0,0,0,0,0,0,136,135,71,72,136,136,137,137,136,136,135,135]} 1. d4 Nf6 2. Nf3 $146 (2. c4 g6 {0-1 (35) Yilmaz,M (2636)-Ragger,M (2687) St Petersburg 2018}) ({Predecessor:} 2. c4 g6 3. Nc3 d5 4. cxd5 Nxd5 5. e4 Nxc3 6. bxc3 c5 7. Qa4+ Bd7 8. Qb3 b6 9. Nf3 {0-1 (31) Gomez Esteban,J (2485)-Garcia Ramos,J Seville 1994}) 2... g6 3. c4 Bg7 4. Nc3 d5 5. cxd5 Nxd5 6. Qa4+ Bd7 {D90: Grünfeld: 4 Nf3 Bg7 sidelines} 7. Qb3 (7. Qa3 Nxc3 8. bxc3 O-O 9. Bg5 f6 10. Bh4 Be6 11. e4 Qd6 12. Qb2 f5 13. Ng5 h6 14. e5 Bxe5 15. Nxe6 Qxe6 16. dxe5 {0-1 (35) Yilmaz,M (2636)-Ragger,M (2687) St Petersburg 2018}) 7... Nxc3 8. bxc3 b6 {The position is equal.} 9. e4 c5 10. d5 ({Predecessor:} 10. Be2 O-O 11. O-O Nc6 12. d5 Na5 13. Qc2 Qc7 14. Bg5 Bg4 {0-1 (31) Gomez Esteban,J (2485)-Garcia Ramos,J Seville 1994}) 10... O-O 11. Be2 Bg4 12. O-O Nd7 13. Bf4 Ne5 (13... c4 $11 14. Bxc4 Nc5) 14. Nxe5 $14 Bxe2 15. Rfe1 $36 {[%mdl 2048] White has some pressure.} Ba6 16. Rad1 (16. Bg3 $16) 16... Qd6 $11 17. Nd3 e5 (17... c4 {keeps more tension.} 18. Qb2 e5 19. dxe6 Qxe6 20. Nb4 Bb7) 18. Bg3 (18. Be3 {is interesting.} f5 19. f3 c4 20. Qa4 b5 21. Qb4) 18... Bxd3 (18... c4 $5 {[%cal Rc4b3]} 19. Qa4 b5 $14) 19. Rxd3 f5 20. f3 f4 21. Bh4 Bf6 22. Bxf6 (22. Bf2 {looks sharper.} g5 23. a4 Bd8 24. c4 Rf7 25. Rb1) 22... Rxf6 23. c4 Rd8 24. a4 a5 25. Rb1 Qe7 26. Qc3 g5 27. Qe1 Qe8 28. Rb5 h5 29. Rdb3 Rdd6 30. h3 (30. Qb1 $16) 30... Rg6 31. Qb1 {[%cal Rb5b6]} g4 (31... Qd8 $1 $11) 32. fxg4 hxg4 33. hxg4 ({Better is} 33. Rxb6 $16 {aiming for Rb8.} Rxb6 34. Rxb6 Rxb6 35. Qxb6 {[%mdl 64] Double Attack}) 33... Qd8 34. Rxc5 {White wants to play Rcb5.} Rxg4 (34... bxc5 $2 35. Rb8 $18) 35. Rc6 $1 {[%cal Rc6b6]} Rxc6 36. dxc6 {[%mdl 4096] Endgame KQR-KQR} Qd2 {[%csl Gg4][%cal Rd2g2]} 37. Qf1 Qd4+ 38. Kh2 Qxe4 39. c7 Qh7+ 40. Rh3 Qxc7 41. Qf3 Qg7 $2 {[%mdl 8192] [#]} (41... Rg6 $11 {and Black stays safe.}) 42. Rh5 $2 ({White must play} 42. c5 $1 $18 {[%mdl 512]} bxc5 43. Qd5+ {[%mdl 64] Double Attack} Kf8 44. Rb3 (44. Qxc5+ Kf7 $11)) 42... e4 ({But not} 42... Qd7 $6 43. Qa8+ Kf7 44. Qe4 $16) 43. Qxe4 {Intending Qe6+ and mate.} Rh4+ $1 {[%mdl 64] Decoy} 44. Rxh4 {Threatening mate with Qe8+.} Qg3+ 45. Kg1 {White wants to mate with Qh7+.} Qxh4 {KQ-KQ} 46. Kf1 Qf6 47. Kf2 Qb2+ 48. Qe2 Qf6 49. Qd3 Qh4+ 50. Ke2 Qh5+ 51. Kd2 Qg4 52. Qf3 (52. Qe4 {keeps more tension.} Qg3 53. Qe8+ Kh7 54. Qe7+ Kg8 55. Qe4) 52... Qg6 53. Kc3 Qf6+ 54. Kd3 Kg7 55. Qd5 Qg6+ 56. Kd4 Qg3 {[%csl Gf4][%cal Rg3e3]} 57. Qb7+ (57. Qf3 {with more complications.} Qg5 58. Qb7+ Kf8 59. Qc8+ Kf7 60. Qd7+) 57... Kg8 58. Qf3 {Qxg3+ is the strong threat.} (58. Qa8+ {seems wilder.} Kh7 59. Qe4+ Kh6 60. Qf3 Qg7+ 61. Ke4) 58... Qg7+ 59. Ke4 Qc7 $2 {[%mdl 8192]} (59... Qe7+ $11 {and Black is okay.} 60. Kxf4 Qc7+ 61. Kf5 Qf7+ 62. Ke5 Qe7+ 63. Kf5 Qf7+ 64. Ke5 Qe7+ 65. Kf4 Qc7+ 66. Kg5 Qxc4) 60. Qg4+ $18 Kh8 61. Qh5+ Kg8 62. Qg5+ Kh7 63. Qf5+ $2 (63. Qd5 $18 {is more deadly.} Kh6 64. Qe6+ Kh7 65. Kf5) 63... Kg8 $16 64. Qd5+ ({Reject} 64. Qxf4 $6 Qxc4+ 65. Kf3 Qc3+ 66. Kf2 Qc6 $11) 64... Kh7 $2 {[%mdl 8192]} (64... Kf8 $16 {is more resistant.} 65. Kf5 Qe7 66. Kxf4 Qb4) 65. Kf5 Kh6 66. Qe6+ Kh7 67. Ke4 Qb8 68. Qd7+ Kh6 69. Kd5 $2 ({White should play} 69. Qf7 $18 Qa8+ 70. Qd5 (70. Kxf4 Qxg2 71. Qf6+ Kh7 $16) 70... Qe8+ 71. Kxf4) 69... Kg5 70. Qg7+ Kf5 71. Qf7+ Kg5 (71... Kg4 $1 $11 {keeps the balance.}) 72. Kc6 (72. Ke4 $16 {Strongly threatening Qf5+.} Qc8 73. Qxf4+ Kg6 74. Ke3) 72... Kh4 $11 73. Qf5 Kg3 74. Qh3+ Kf2 75. Qf3+ Kg1 76. Kb5 Qd6 77. Ka6 Qd4 78. Qd5 Qe3 79. Qc6 Kh2 80. Qxb6 Kxg2 {White must now prevent ...Qxb6+.} 81. c5 f3 82. c6 Qe2+ {[#]} (82... Qc3 $11 83. c7 f2 84. Qg6+ Kh2 85. Qh5+ Kg3 86. Qg5+ Kh2 87. Qh5+ Kg3 88. Qg5+ Kh2 89. Qh5+) 83. Ka7 $1 $16 {And now c7 would win.} f2 84. c7 Qe7 ({Black should try} 84... f1=Q) 85. Qb7+ {White is clearly better.} Kg1 86. c8=Q {White threatens Qg4+ and mate.} Qxb7+ 87. Kxb7 f1=Q 88. Qc5+ {Accuracy: White = 48%, Black = 53%.} 1/2-1/2

[Event "Portugal Open 2019"]
[Site "Lisbon"]
[Date "2019.02.06"]
[Round "6.28"]
[White "Aguera Naredo, Javier"]
[Black "Lisowski, Krzysztof"]
[Result "0-1"]
[WhiteElo "2346"]
[BlackElo "2135"]
[Annotator "NA"]
[PlyCount "94"]
[EventDate "2019.01.25"]
[EventType "swiss"]
[EventCountry "POR"]
[SourceTitle "playchess.com"]
[Source "ChessBase"]
[SourceQuality "1"]
[TimeControl "5400+30"]

1. e4 {[%emt 0:00:00]} c5 {[%emt 0:00:00]} 2. Nf3 {[%emt 0:00:02]} Nc6 {[%emt 0:00:03]} 3. Bb5 {[%emt 0:00:10]} g6 {[%emt 0:00:11]} ({Predecessor:} 3... Nf6 4. d3 g6 5. Bxc6 dxc6 6. h3 {½-½ (52) Bisby,D (2339)-Buscar,M (2099) Reykjavik 2018}) 4. Bxc6 {[%emt 0:00:13]} dxc6 {[%emt 0:00:07]} 5. d3 {[%emt 0:00:19]} Bg7 {[%emt 0:00:50]} 6. h3 {[%emt 0:00:11]} Nf6 {[%emt 0:01:05]} 7. Nc3 {[%emt 0:00:14]} Nd7 {[%emt 0:00:54]} 8. Be3 {[%emt 0:00:59]} e5 {[%emt 0:00:33]} ({Predecessor:} 8... b6 9. Qd2 h6 10. O-O {½-½ (52) Bisby,D (2339)-Buscar,M (2099) Reykjavik 2018}) 9. Qd2 {[%emt 0:00:29]} h6 {[%emt 0:01:41] B31: Sicilian: 2...Nc6 3 Bb5 g6} 10. O-O {[%emt 0:01:43]} b6 {[%emt 0:00:10]} 11. a3 {[%emt 0:01:22]} Nf8 {[%emt 0:06:07]} 12. b4 {[%emt 0:01:50]} cxb4 $146 {[%emt 0:03:47]} (12... Ne6 13. bxc5 f5 14. exf5 gxf5 15. Qe1 O-O 16. Rb1 e4 17. dxe4 {0-1 (36) Wang,H (2730)-Carlsen,M (2835) St Petersburg 2018}) 13. axb4 {[%emt 0:00:03]} Ne6 {[%emt 0:01:59]} 14. Ra3 {[%emt 0:02:54]} ({Predecessor:} 14. Na4 Nd4 15. Nxd4 exd4 {½-½ (52) Bisby,D (2339)-Buscar,M (2099) Reykjavik 2018}) 14... Nd4 {[%emt 0:21:27]} 15. Bxd4 {[%emt 0:00:55]} exd4 {[%emt 0:00:08]} 16. Ne2 {[%emt 0:00:32]} O-O {[%emt 0:02:04]} 17. Rfa1 {[%emt 0:03:01]} Qe7 {[%emt 0:10:35]} 18. Ng3 {[%emt 0:06:19]} Rd8 {[%emt 0:03:59]} 19. Ra4 {[%emt 0:02:09]} Be6 {[%emt 0:03:09]} 20. Ne2 {[%emt 0:03:13]} Bc8 {[%emt 0:28:25]} 21. Qf4 {[%emt 0:03:24]} a6 {[%emt 0:05:40]} 22. Qd2 {[%emt 0:04:58]} Bb7 {[%emt 0:00:19]} 23. Rb1 {[%emt 0:03:41]} Rac8 {[%emt 0:00:40]} 24. Qf4 {[%emt 0:02:22]} b5 {[%emt 0:00:59]} 25. Ra2 {[%emt 0:01:42]} c5 {[%emt 0:00:08]} 26. bxc5 {[%emt 0:01:28]} Qxc5 {[%emt 0:00:06]} 27. Nc1 {[%emt 0:02:21]} Qb6 {[%emt 0:03:33]} 28. Nb3 {[%emt 0:01:11]} Rc3 {[%emt 0:01:22]} 29. Rba1 {[%emt 0:06:08]} Rdc8 {[%emt 0:01:38]} 30. Ne1 {[%emt 0:00:38]} R8c7 {[%emt 0:01:05]} 31. Qd2 {[%emt 0:06:45]} Bc8 $11 {[%emt 0:01:00]} 32. Nc1 {[%emt 0:00:53]} Ra7 {[%emt 0:00:36]} 33. Ne2 {[%emt 0:01:13]} b4 {[%emt 0:00:57]} 34. Ra5 {[%emt 0:02:54]} Rc5 {[%emt 0:00:31]} 35. Rxc5 {[%emt 0:00:25]} Qxc5 {[%emt 0:00:04]} 36. f4 {[%emt 0:00:08]} a5 {[%emt 0:00:09]} 37. Nf3 {[%emt 0:00:34]} Rc7 {[%emt 0:01:33]} 38. e5 {[%emt 0:00:47]} Qxc2 {[%emt 0:00:41]} 39. Qxc2 {[%emt 0:00:06]} Rxc2 {[%emt 0:00:03]} 40. Nexd4 {[%emt 0:00:10]} Rc5 {[%emt 0:00:32]} 41. Nb3 {[%emt 0:00:49]} Rc3 {[%emt 0:00:19]} 42. Nxa5 {[%emt 0:03:06]} Rxd3 {[%emt 0:00:06]} 43. Nc6 {[%emt 0:00:12]} Bf8 {[%emt 0:01:12]} 44. Rb1 {[%emt 0:07:02]} b3 {[%emt 0:00:13]} 45. Kf1 {[%emt 0:00:37]} Bf5 {[%emt 0:00:35]} 46. Nh4 {[%emt 0:01:01]} Be4 {[%emt 0:00:20]} 47. Na5 {[%emt 0:00:08]} Rd5 {[%emt 0:00:45]} 0-1

[Event "Portugal Open 2019"]
[Site "Lisbon"]
[Date "2019.02.06"]
[Round "6.29"]
[White "Terryn, Ezra"]
[Black "Fus, Jakub"]
[Result "0-1"]
[WhiteElo "2116"]
[BlackElo "2326"]
[Annotator "TA"]
[PlyCount "76"]
[EventDate "2019.01.25"]
[EventType "swiss"]
[EventCountry "POR"]
[SourceTitle "playchess.com"]
[Source "ChessBase"]
[SourceQuality "1"]

{[%evp 20,76,-46,-49,-45,-52,-20,-18,-18,-26,-16,-16,-12,-32,-39,-41,-26,-54,-14,-33,-31,-29,7,4,33,12,10,-166,-152,-168,-64,-64,-58,-139,-135,-332,-360,-321,-333,-672,-660,-930,-991,-944,-925,-972,-930,-1101,-1049,-1949,-1851,-1790,-1739,-3170,-3259,-29980,-29981,-29981,-29982]} 1. e4 e6 2. d4 d5 3. Nc3 Nf6 4. Bg5 Bb4 5. e5 h6 6. Bd2 Bxc3 7. bxc3 Ne4 8. Qg4 Kf8 9. Nf3 $146 (9. Bd3 Nxd2 10. Kxd2 c5 {0-1 (77) Inarkiev,E (2693)-Nepomniachtchi,I (2707) Novosibirsk 2012}) ({Predecessor:} 9. Bd3 Nxd2 10. Kxd2 c5 {½-½ (37) Richter,G (2080)-Groffen,H (2149) Maastricht 2010}) 9... c5 10. Bd3 Nxd2 11. Kxd2 c4 {C12: French: Classical System: McCutcheon Variation} (11... cxd4 12. Nxd4 Qg5+ 13. Qxg5 hxg5 14. h3 Nd7 15. Rae1 Nc5 16. Rhf1 Bd7 17. f4 gxf4 18. Rxf4 Ke7 19. Ref1 {0-1 (77) Inarkiev,E (2693)-Nepomniachtchi,I (2707) Novosibirsk 2012}) 12. Be2 Nc6 ({Predecessor:} 12... b5 13. Qf4 {½-½ (37) Richter,G (2080)-Groffen,H (2149) Maastricht 2010}) 13. Qf4 b5 {The position is equal.} 14. g4 Qe7 15. a3 a5 16. g5 ({Predecessor:} 16. h4 Ke8 17. h5 Rb8 18. Rhg1 b4 19. axb4 axb4 {½-½ (37) Richter,G (2080)-Groffen,H (2149) Maastricht 2010}) 16... hxg5 17. Nxg5 Rb8 18. Rhb1 Ke8 19. h4 Bd7 20. h5 f6 21. Nf3 Kd8 22. Rg1 Be8 23. Rg2 $2 (23. exf6 $11 gxf6 24. h6) 23... Rxh5 $19 ({Don't play} 23... Bxh5 24. Rag1 $15) 24. Rag1 Rf5 ({Weaker is} 24... Qxa3 25. Rxg7 Rf5 26. Qh4 $11) (24... Rh7 $1 $19 25. exf6 gxf6) 25. Qh2 $15 g6 $1 $36 {[%mdl 2048] Black has good play.} 26. Nh4 {[#]} (26. exf6 $1 $15 Rxf6 27. Ne5 Nxe5 28. Qxe5) 26... b4 $1 $17 {[%cal Bb5b4,Bb4c3][%mdl 32]} 27. Nxf5 $2 (27. axb4 $17 {was worth a try.} axb4 28. Qg3) 27... bxc3+ $19 28. Ke3 exf5 29. f4 $2 {[#]} (29. Rxg6 f4+ 30. Qxf4 fxe5 31. Qf6 Nxd4 32. Qd6+ Qxd6 33. Rxd6+ Ke7 34. Rxd5 Nxc2+ {[%mdl 64] Double Attack} 35. Ke4) 29... Nxd4 $1 {[%mdl 512]} 30. Rd1 (30. Kxd4 Qa7+) 30... Nxc2+ {[%mdl 64] Double Attack} 31. Kf3 Qc5 {[%csl Gc2][%cal Rc5e3]} 32. Qg1 d4 33. Kg3 fxe5 34. Bxc4 exf4+ 35. Kh3 Ne3 {[%mdl 64] Double Attack} 36. Rxg6 Bxg6 37. Qg5+ Kc7 38. Qxf4+ Qd6 {Accuracy: White = 23%, Black = 65%.} 0-1